LEADER 00887nam a2200229 i 4500 001 000000237387 003 CaOOAMICUS 005 20141223000000.0 008 141223s1968 it u000 u ita u 013 $a216292 040 $aSeMil$bita 100 1 $aBarbieri, Carlo.$0(OLS)http://semarc/name/80911 245 10$aGiornale specchio di carta /$cCarlo Barbieri ... [et al.]. 260 $aTorino :$bSEI,$ccopyr. 1968. 300 $a208 p., [4] p. di tav. :$bill. ;$c20 cm. 490 0 $aMondodoggi ;$v4 650 4$aGiornalismo - Storia.$0(OLS)http://semarc/subject/15079 830 0$aMondodoggi ;$v4.$0(OLS)http://semarc/title/16193 850 $aSeMil 852 $aSeMil$W1$xVenegono$y1$m3N I 277$j187733$B187733$CSeMilBibl$Z2$F198643 $81 996 $6245$aGiornale specchio di carta$9(OLS)http://semarc/title/338389 996 $6260$aTorino :$bSEI$9(OLS)http://semarc/publisher/29848 LEADER 01211nam a2200265 i 4500 001 000000115998 003 CaOOAMICUS 005 20030605000000.0 008 030605s1995 it u000 u ita u 013 $a88687 020 $a88-384-2350-4 040 $aSeMil$bita 100 1 $aGuarducci, Margherita <1902-1999>.$0(OLS)http://semarc/name/90007 245 13$aLe chiavi sulla pietra :$bstudi, ricordi e documenti inediti intorno alla tomba di Pietro in Vaticano /$cMargherita Guarducci. 260 $aCasale Monferrato (AL) :$bPiemme,$c1995. 300 $a156 p. :$bill. ;$c22 cm. 500 $aContiene : Bibliografia. - Fondo Card. C.M. Martini. 650 4$aPietro - Tomba.$0(OLS)http://semarc/subject/8726 850 $aSeMil 852 $aSeMil$W1$xVenegono$y1$m3A II 10$j71481$B71481$CSeMilBibl$Z2$F83824 $81 941 1 $a4 961 $aOmaggio: Martini Card. Carlo Maria 996 $6020$a88-384-2350-4$9(OLS)http://semarc/number/99958 996 $6245$aLe chiavi sulla pietra :$bstudi, ricordi e documenti inediti intorno alla tomba di Pietro in Vaticano$9(OLS)http://semarc/title/170004 996 $6260$aCasale Monferrato (AL) :$bPiemme$9(OLS)http://semarc/publisher/30052